000 00429nam a2200169Ia 4500
005 20250423101707.0
008 250422s9999 xx 000 0 und d
020 _a1590270010
050 _aPE 1628 .N4567/
245 0 _aWebster's new thesaurus of the English language
260 _aNew York
260 _bThe Popular Group
260 _c2001
300 _a690 p
650 _aEnglish language _ Dictionaries
942 _cBK
999 _c37000
_d37000